| 000 | 00697nam a2200229 a 4500 | ||
|---|---|---|---|
| 001 | 63332 | ||
| 005 | 20180714065719.0 | ||
| 008 | 150817s1999 sp 000 0 spa d | ||
| 020 | _a84-87699-32-4 | ||
| 082 | 0 |
_a861.4 _bCAR |
|
| 100 | 1 |
_aCardenal, Ernesto _eautor |
|
| 245 | 1 | 0 |
_aCántico cósmico / _cErnesto Cardenal. |
| 250 | _aTercera edición | ||
| 264 | 1 |
_aEspaña : _bEditorial Trotta ; _c1999 |
|
| 300 |
_a410 páginas : ; _c23 cm. |
||
| 336 |
_atexto _2rdacontent |
||
| 337 |
_asin mediación _2rdamedia |
||
| 338 |
_avolumen _2rdacarrier |
||
| 490 | 0 | _aLa dicha de enmudecer serie poesía | |
| 650 | 4 | _aLiteratura nicaragüense | |
| 650 | 4 | _aPoesía nicaragüense | |
| 999 |
_c63332 _d63332 |
||